عرض عادي
عرض مارك
- Ohlsson, Tommy,
مدخل إسم شخص
001 - رقم الضبط
- حقل الضبط: 19356
003 - معرف رقم الضبط
- حقل الضبط: OSt
005 - تاريخ ووقت أخر عملية
- حقل الضبط: 20121231125944.0
008 - عناصر بيانات ثابتة الطول
- حقل تحكم ثابت الطول: 121231|||a|||||| | ||| d
040 ## - مصدر الفهرسة
- هيئة الفهرسة الأصلية: OSt
- وكالة الكتابة: OSt
100 ## - مدخل -- أسم شخص
- إسم شخص: Ohlsson, Tommy,
- تواريخ مرتبطة بالاسم: 1973-
670 ## - بيانات المصدر موجوده
- الاستشهاد بالمصدر: Work cat.: (OSt)0: Ohlsson, Tommy, 1973-, Relativistic quantum physics :, 2011.
